Catalog

Record Details

Catalog Search



Základy učení křesťanského : sborník extensních přednášek Komenského fakulty /  Miloš Bič .../et al. Cover Image Book Book

Základy učení křesťanského : sborník extensních přednášek Komenského fakulty /  Miloš Bič .../et al./

Bič, Miloš (Author).

Record details

  • Physical Description: 313 s.
  • Publisher: Praha : Komenského evangelická bohoslovecká fakulta ,  1951

Available copies

  • 2 of 2 copies available at Common Catalog SPOK.

Holds

  • 0 current holds with 2 total copies.
Show Only Available Copies
Location Call Number / Copy Notes Barcode Shelving Location Status Due Date
ETS Library 230.044 424470005609 Volný výběr Available -
ETS Library 230.044 424470005726 Volný výběr Available -

LDR 00829nam a2 00241
00141867
003CZ-PrJAB
00520230429074709.0
008031105s1951 xr e |||| |cze
009cz
035 . ‡a(CONS)10482
035 . ‡aKPS5467
041 . ‡acze
08214. ‡a230.044
100 . ‡71021 ‡aBič, Miloš
245 . ‡aZáklady učení křesťanského : ‡bsborník extensních přednášek Komenského fakulty /  ‡nMiloš Bič .../et al./
260 . ‡aPraha : ‡bKomenského evangelická bohoslovecká fakulta ,  ‡c1951
300 . ‡a313 s.
490 . ‡aSpisy Komenského evangelické fakulty bohoslovecké ‡nŘada A ‡vSv. 17
653 . ‡aZáklady učení křesťanského
8524 . ‡bETS ‡bETS ‡cVolný výběr ‡j230.044 ‡gA ‡p424470005726
8524 . ‡bETS ‡bETS ‡cVolný výběr ‡j230.044 ‡gA ‡p424470005609
910 . ‡aABG450
999 . ‡a10482 ‡bAUTOGEN ‡c10482 ‡tbiblio
905 . ‡uadmin
901 . ‡a41867 ‡b ‡c41867 ‡tbiblio ‡sets

Additional Resources